Normal view
MARC view
- Revilla, Reven Jay V.
Entry Personal Name
001 - CONTROL NUMBER
- control field: 57430
003 - CONTROL NUMBER IDENTIFIER
- control field: OSt
005 - DATE AND TIME OF LATEST TRANSACTION
- control field: 20240809164239.0
008 - FIXED-LENGTH DATA ELEMENTS
- fixed length control field: 240809|| aca||aabn | a|a d
040 ## - CATALOGING SOURCE
- Original cataloging agency: OSt
- Transcribing agency: OSt
100 ## - HEADING--PERSONAL NAME
- Personal name: Revilla, Reven Jay V.
670 ## - SOURCE DATA FOUND
- Source citation: Work cat.: (OSt): Ledama, Leonardo Jr. G. 57427, Tree costs :, July 2021.
